| 000 | 00382nam a2200145Ia 4500 | ||
|---|---|---|---|
| 008 | 231129s1994||||xx |||||||||||||| ||spa|| | ||
| 020 | _a958-633-337-X | ||
| 040 | _bspa | ||
| 082 | _a940.1 V144a | ||
| 100 | _aValdeón Julio | ||
| 245 | 0 | _aLa alta edad media | |
| 260 | _c1994 | ||
| 264 | _aBogotá Colombia : Rei Andes | ||
| 942 |
_2ddc _cBKS |
||
| 999 |
_c16394 _d16394 |
||